Ciencia Social y Seguridad Nacional Norteamericana

Gorde:
Xehetasun bibliografikoak
Egile nagusia: Saxe Fernández, John
Formatua: Texto
Argitaratua: México D.F.: CONACYT. UNAM. PEMEX
Etiketak: Etiketa erantsi
Etiketarik gabe, Izan zaitez lehena erregistro honi etiketa jartzen!

MARC

LEADER 00000 a a2200000 04500
001 24858
003
040 |a CRAI/IIS  |c CRAI/IIS 
090 |a 178700  
100 |a Saxe Fernández, John  
245 |a Ciencia Social y Seguridad Nacional Norteamericana  
260 |a México D.F.:   |b CONACYT. UNAM. PEMEX  
300 |a 9 p.  
999 |c 17517  |d 17517